000 00610nam a2200229Ia 4500
008 220216s9999 xx 000 0 und d
100 _aRocha T L A C
245 0 _aStudy of the epoxidation of polydiene rubbers.Part.III
260 _bKautschuk Gummi Kunststoffe
_c2004
300 _a377-384
650 _aCharacteristic frequency
650 _aIn situ epoxidation
650 _aPlateau modulus
650 _aRefined tube model
650 _aSBR
650 _aViscoelatic behavior
700 _aJacobi M M
700 _aMeier J F
700 _aSamios D
700 _aSchuster R H
942 _cJS
999 _c69805
_d69805